000 00583nam a2200217 i 4500
001 C2-0075266
003 PPAK
005 20180727081502.0
008 970429s1976 ilua|||| ||||| | eng d
040 _aPPAK
_beng
_cPPAK
_erda
082 0 4 _a940.53
_223
090 0 0 _a940.53
_bELS
_dR
100 1 _aElson, Robert T.,
_eauthor
245 1 0 _aPrelude to war
264 1 _aChicago :
_bTime - Life Books ,
_c1976.
300 _a216 pages :
_billustrations ;
_c29 cm
336 _2rdacontent
_atext
337 _2rdamedia
_aunmediated
338 _2rdacarrier
_avolume
942 _ddc
_cB
999 _c11121
_d11121